000
00306nam a2200121Ia 4500
005
20251222144745.0
008
251222s9999||||xx |||||||||||||| ||spa||
082
_a
255.5/I75/T.2
100
_a
Iruarrizága, Luis
245
0
_a
Obras Completas del R. P. Luis IruarrĂzaga
264
_b
Coculsa
942
_c
LIB
999
_c
19136
_d
19136